<?xml version="1.0" encoding="UTF-8"?>
<record
    xmlns:xsi="http://www.w3.org/2001/XMLSchema-instance"
    xsi:schemaLocation="http://www.loc.gov/MARC21/slim http://www.loc.gov/standards/marcxml/schema/MARC21slim.xsd"
    xmlns="http://www.loc.gov/MARC21/slim">

  <leader>01384nam a2200373Ia 4500</leader>
  <controlfield tag="001">022472</controlfield>
  <controlfield tag="008">221003s2005    xx            000 0 spa d</controlfield>
  <datafield tag="020" ind1=" " ind2=" ">
    <subfield code="a">84-7850-126-6</subfield>
  </datafield>
  <datafield tag="035" ind1=" " ind2=" ">
    <subfield code="a">CENDO_29293</subfield>
  </datafield>
  <datafield tag="041" ind1=" " ind2=" ">
    <subfield code="a">spa</subfield>
  </datafield>
  <datafield tag="084" ind1=" " ind2=" ">
    <subfield code="a">CD-12740</subfield>
  </datafield>
  <datafield tag="100" ind1=" " ind2=" ">
    <subfield code="a">DIEZ NICOLAS, Juan</subfield>
    <subfield code="9">5353</subfield>
  </datafield>
  <datafield tag="245" ind1=" " ind2="0">
    <subfield code="a">&lt;Las&gt; dos caras de la inmigraci&#xF3;n /</subfield>
    <subfield code="c">Juan D&#xED;ez Nicol&#xE1;s</subfield>
  </datafield>
  <datafield tag="260" ind1=" " ind2=" ">
    <subfield code="a">[Madrid] :</subfield>
    <subfield code="b">Ministerio de Trabajo y Asuntos Sociales, Subdirecci&#xF3;n General de Informaci&#xF3;n Administrativa y Publicaciones,</subfield>
    <subfield code="c">D.L. 2005</subfield>
  </datafield>
  <datafield tag="300" ind1=" " ind2=" ">
    <subfield code="a">423 p. : </subfield>
    <subfield code="b">il. , tab.  ;</subfield>
    <subfield code="c"> 22 cm + 1 CD-Rom</subfield>
  </datafield>
  <datafield tag="490" ind1=" " ind2=" ">
    <subfield code="a">Documentos del Observatorio Permanente de la Inmigraci&#xF3;n ;</subfield>
    <subfield code="v">3</subfield>
  </datafield>
  <datafield tag="650" ind1=" " ind2="0">
    <subfield code="a">DISCRIMINACION RACIAL</subfield>
    <subfield code="9">225</subfield>
  </datafield>
  <datafield tag="650" ind1=" " ind2=" ">
    <subfield code="a">INMIGRACION</subfield>
    <subfield code="9">694</subfield>
  </datafield>
  <datafield tag="650" ind1=" " ind2=" ">
    <subfield code="a">INTEGRACION SOCIAL</subfield>
    <subfield code="9">428</subfield>
  </datafield>
  <datafield tag="650" ind1=" " ind2=" ">
    <subfield code="a">INTEGRACION PROFESIONAL</subfield>
    <subfield code="9">11126</subfield>
  </datafield>
  <datafield tag="650" ind1=" " ind2=" ">
    <subfield code="a">ESTUDIO DE INVESTIGACION</subfield>
    <subfield code="9">1375</subfield>
  </datafield>
  <datafield tag="650" ind1=" " ind2=" ">
    <subfield code="a">EXTRANJERO</subfield>
    <subfield code="9">1536</subfield>
  </datafield>
  <datafield tag="650" ind1=" " ind2=" ">
    <subfield code="a">ESPA&#xD1;A</subfield>
    <subfield code="9">9</subfield>
  </datafield>
  <datafield tag="710" ind1=" " ind2=" ">
    <subfield code="a">ESPA&#xD1;A</subfield>
    <subfield code="b">Ministerio de Trabajo y Asuntos Sociales</subfield>
    <subfield code="b">Subdirecci&#xF3;n General de Informaci&#xF3;n Administrativa y Publicaciones</subfield>
    <subfield code="e">ed.</subfield>
    <subfield code="9">8809</subfield>
  </datafield>
  <datafield tag="710" ind1=" " ind2=" ">
    <subfield code="a">OBSERVATORIO PERMANENTE DE LA INMIGRACION</subfield>
    <subfield code="c">Espa&#xF1;a</subfield>
    <subfield code="9">11902</subfield>
  </datafield>
  <datafield tag="856" ind1=" " ind2=" ">
    <subfield code="z">PDF</subfield>
    <subfield code="u">http://docpublicos.ccoo.es/cendoc/022472DosCarasInmigracion.pdf</subfield>
  </datafield>
  <datafield tag="901" ind1=" " ind2=" ">
    <subfield code="a">1</subfield>
  </datafield>
  <datafield tag="903" ind1=" " ind2=" ">
    <subfield code="a">NO</subfield>
  </datafield>
  <datafield tag="904" ind1=" " ind2=" ">
    <subfield code="a">000</subfield>
  </datafield>
  <datafield tag="953" ind1=" " ind2=" ">
    <subfield code="d">2014-03-18</subfield>
    <subfield code="y">MONOGRAFIA</subfield>
    <subfield code="o">CD-12740</subfield>
  </datafield>
  <datafield tag="999" ind1=" " ind2=" ">
    <subfield code="c">29292</subfield>
    <subfield code="d">29292</subfield>
  </datafield>
  <datafield tag="910" ind1=" " ind2=" ">
    <subfield code="a">2005</subfield>
  </datafield>
  <datafield tag="942" ind1=" " ind2=" ">
    <subfield code="c">MONOGRAFIA</subfield>
  </datafield>
  <datafield tag="952" ind1=" " ind2=" ">
    <subfield code="0">0</subfield>
    <subfield code="1">0</subfield>
    <subfield code="4">0</subfield>
    <subfield code="7">0</subfield>
    <subfield code="a">CENDO</subfield>
    <subfield code="b">CENDO</subfield>
    <subfield code="d">2014-03-18</subfield>
    <subfield code="l">0</subfield>
    <subfield code="o">CD-12740</subfield>
    <subfield code="p">CENDO_29293</subfield>
    <subfield code="r">2022-10-05 00:00:00</subfield>
    <subfield code="w">2022-10-05</subfield>
    <subfield code="y">MONOGRAFIA</subfield>
  </datafield>
</record>
